|
|
|
|
| LEADER |
00000naa a2200000uu 4500 |
| 001 |
vtls011087746 |
| 003 |
SK-MaSNL |
| 005 |
20260302143550.0 |
| 008 |
210910|1996 xo |||||||||||||||||slo| |
| 015 |
|
|
|a SNBRA
|
| 035 |
|
|
|a (urnnbn)urn:nbn:sk:snk:ar-a0cnu2
|
| 035 |
|
|
|a (uuid)b6314956-d54d-48d2-a336-a39a2b92860c
|
| 035 |
|
|
|a urn:nbn:sk:snk-aavtns
|
| 040 |
|
|
|a SNKBUCL
|b slo
|c SNKBUCL
|e AACR2
|
| 041 |
0 |
|
|a slo
|
| 044 |
|
|
|a xo
|c SK
|
| 100 |
1 |
|
|a Sabol, Ján,
|d 1939-
|4 aut
|9 209463
|
| 245 |
1 |
0 |
|a K zvukovej štruktúre verša Šafárikovej básnickej zbierky "Tatranská múza s lýrou slovanskou"
|c Ján Sabol, Iveta Bónová, Július Zimmermann, Juraj Rusnák
|
| 600 |
1 |
7 |
|a Šafárik, Pavol Jozef,
|d 1795-1861
|t Tatranská múza s lýrou slovanskou
|2 SNK
|9 380264
|
| 650 |
0 |
7 |
|a verš
|2 SNKPH
|9 68029
|
| 650 |
0 |
7 |
|a verzológia
|2 SNKPH
|9 23707
|
| 655 |
|
7 |
|a štúdie
|2 SNKPH
|9 57033
|
| 700 |
1 |
|
|a Bónová, Iveta,
|d 1966-
|4 aut
|9 18208
|
| 700 |
1 |
|
|a Zimmermann, Július,
|d 1941-
|4 aut
|
| 700 |
1 |
|
|a Rusnák, Juraj,
|d 1960-
|4 aut
|9 143302
|
| 773 |
0 |
|
|t Pavol Jozef Šafárik a slavistika
|d Prešov : Filozofická fakulta UPJŠ ; Martin : Matica slovenská, 1996
|g S. 141-152
|z 8088722225
|
| 958 |
|
|
|a OND
|
| 958 |
|
|
|a chapter
|
| 958 |
|
|
|a article12
|
| 999 |
|
|
|c 1345186
|d 1347116
|